50 Irish Musical Acts by Songs - Statistics

General Stats
  • This quiz has been taken 263 times
  • The average score is 12 of 50
Answer Stats
Songs Artist/Band % Correct
With Or Without You, I Still Haven't Found What I'm Looking For, One U2
91%
Zombie, Linger, Ode To My Family The Cranberries
85%
Nothing Compares 2 U, The Emperor's New Clothes, Mandinka Sinéad O'Connor
78%
Only Time, Orinoco Flow, May It Be Enya
68%
Take Me To Church, Someone New, Cherry Wine Hozier
65%
The Boys Are Back In Town, Jailbreak, Cowboy Song Thin Lizzy
64%
I Don't Like Mondays, Rat Trap, Banana Republic The Boomtown Rats
59%
My Love, Uptown Girl, Swear It Again Westlife
49%
Breathless, Runaway, What Can I Do The Corrs
46%
Picture Of You, No Matter What, Words Boyzone
45%
Whiskey In The Jar, The Rocky Road To Dublin, Seven Drunken Nights The Dubliners
45%
The Lady In Red, Don't Pay The Ferryman, High On Emotion Chris de Burgh
44%
When You Say Nothing At All, If Tomorrow Never Comes, Life Is A Rollercoaster Ronan Keating
40%
C'est la Vie, Rollercoaster, Blame It On The Weatherman B*Witched
38%
Hall Of Fame, Breakeven, Superheroes The Script
36%
Alone Again (Naturally), Clair, Get Down Gilbert O'Sullivan
31%
Slow Hands, This Town, Too Much To Ask Niall Horan
30%
Hold Me Now, What's Another Year, Long Lie The Rivers Johnny Logan
26%
Theme from Harry's Game, In A Lifetime, I Will Find You Clannad
24%
Grace, Come Out, Ye Black and Tans, A Nation Once Again The Wolfe Tones
24%
The Blower's Daughter, 9 Crimes, Cannonball Damien Rice
17%
All I Want, High Hopes, Brother Kodaline
17%
N17, I Useta Lover, To Win Just Once The Saw Doctors
17%
Lipstick, Waterline, Bad Behaviour Jedward
16%
Power Over Me, Outnumbered, Giants Dermot Kennedy
15%
The Foggy Dew, Down In The Willow Garden, I Know My Love The Chieftains
13%
The Galway Girl, To You I Bestow, July Mundy
12%
Irish Pub Song, The Parting Glass, Galway Girl The High Kings
10%
Bad Penny, I Fall Apart, A Million Miles Away Rory Gallagher
9%
Heroes Or Ghosts, All The Others, San Diego Song The Coronas
9%
The Upswing, The Great Defector, Eve, The Apple Of My Eye Bell X1
8%
Don't Go, It'll Be Easier In The Morning, I'm Sorry Hothouse Flowers
8%
Horse Outside, I Wanna Fight Your Father, Dads Best Friend The Rubberbandits
7%
Big Sur, One Horse Town, Santa Cruz (You're Not That Far) The Thrills
7%
My Honest Face, We Have To Move On, Ice Cream Sundae Inhaler
6%
When You Sleep, To Here Knows When, Only Shallow My Bloody Valentine
6%
Scarborough Fair, Téir Abhaile Riú, Tír na nÓg Celtic Woman
5%
The Voice, The Watchman, The Fair, Fair Land Eimear Quinn
5%
Speeding Cars, Catch Me If You Can, Two Stones Walking On Cars
5%
Tired, Always, Nervous Gavin James
4%
Overpowered, Let Me Know, Something More Róisín Murphy
4%
The Steady Song, Comeback Girl, You Know It Republic Of Loose
3%
The Cure & The Cause, Work True, Rucktions Fish Go Deep
2%
Frozen Twilight, All Is Violent, All Is Bright, The Last March God Is an Astronaut
2%
Where I Belong, Cry For Help, The Night We Met HomeTown
2%
Non Believer, Sketches (Twenty Something Life), Goodnight La Rocca
2%
Fall, Snow, I Don't Know Lisa Hannigan
2%
Wake The Wild Wolf, Hell To Pay, Beneath The Black Flag Miracle Of Sound
2%
We Don't Need Nobody Else, When We Were Young, Twinkle Whipping Boy
2%
Is It Love?, Kiss Me, Can't Say No Rea Garvey
1%
No matching quizzes found
Score Distribution
Percent of People with Each Score
Percentile by Number Answered
Your Score History
You have not taken this quiz